Songs Of The 1960s #1 - Statistics

General Stats
  • This quiz has been taken 2,298 times
    1,744 since last reset
  • The average score is 29 of 50
Answer Stats
Year Song Answer % Correct
1968 "Hey Jude" The Beatles
98%
1965 "(I Can't Get No) Satisfaction" The Rolling Stones
96%
1966 "Good Vibrations" The Beach Boys
93%
1967 "Respect" Aretha Franklin
91%
1965 "The Sound Of Silence" Simon & Garfunkel
85%
1965 "Like A Rolling Stone" Bob Dylan
84%
1964 "The House Of The Rising Sun" The Animals
84%
1964 "Pretty Woman" Roy Orbison
82%
1965 "My Generation" The Who
82%
1968 "I Heard It Through The Grapevine" Marvin Gaye
81%
1967 "Light My Fire" The Doors
81%
1968 "(Sittin' On) The Dock Of The Bay" Otis Redding
79%
1964 "My Girl" The Temptations
75%
1967 "Purple Haze" The Jimi Hendrix Experience
74%
1964 "You Really Got Me" The Kinks
71%
1961 "Stand By Me" Ben E. King
70%
1960 "Georgia On My Mind" Ray Charles
70%
1965 "California Dreamin'" The Mamas & The Papas
70%
1969 "Whole Lotta Love" Led Zeppelin
69%
1968 "Born To Be Wild" Steppenwolf
67%
1965 "Papa's Got A Brand New Bag" James Brown
66%
1968 "Sunshine Of Your Love" Cream
65%
1964 "You've Lost That Lovin' Feelin'" The Righteous Brothers
64%
1966 "Wild Thing" The Troggs
61%
1964 "Where Did Our Love Go" The Supremes
60%
1965 "Mr. Tambourine Man" The Byrds
59%
1969 "I Want You Back" The Jackson 5
59%
1966 "When A Man Loves A Woman" Percy Sledge
55%
1967 "Nights In White Satin" The Moody Blues
51%
1969 "Proud Mary" Creedence Clearwater Revival
49%
1967 "A Whiter Shade Of Pale" Procol Harum
48%
1963 "Louie Louie" The Kingsmen
48%
1966 "Reach Out I'll Be There" Four Tops
45%
1967 "Somebody To Love" Jefferson Airplane
44%
1968 "Mony Mony" Tommy James & The Shondells
42%
1967 "For What It's Worth" Buffalo Springfield
40%
1964 "She's Not There" The Zombies
40%
1963 "Be My Baby" The Ronettes
39%
1965 "The Tracks Of My Tears" The Miracles
37%
1963 "Glad All Over" The Dave Clark Five
34%
1969 "Suite: Judy Blue Eyes" Crosby, Stills & Nash
32%
1965 "In The Midnight Hour" Wilson Pickett
32%
1962 "Green Onions" Booker T. & The M.G.'s
31%
1964 "Dancing In The Street" Martha & The Vandellas
30%
1967 "Soul Man" Sam & Dave
30%
1960 "Will You Love Me Tomorrow" The Shirelles
30%
1966 "Gimme Some Lovin'" The Spencer Davis Group
23%
1962 "Bring It On Home To Me" Sam Cooke
22%
1965 "Heart Full Of Soul" The Yardbirds
20%
1965 "People Get Ready" The Impressions
9%
No matching quizzes found
Score Distribution
Percent of People with Each Score
Percentile by Number Answered
Your Score History
You have not taken this quiz since the last reset